000 03029nab a22006737 4500
003 AR-RoUNA
022 _a0327-9022
040 _aAR-RoUNA
_bspa
041 _aspa
044 _aag
245 _aSumma+ /
_bNo Todo Lo Nuevo Es Nuevo - Reciclajes y Ampliaciones
260 _aBuenos Aires (Argentina):
_cDonn SA,
_b1993.
300 _a132 p. :
_bil. byn.
_bplanos
_c34X25 cm.
505 0 _tINDICE
505 0 _aFernando Diez / No todo lo nuevo es nuevo. p. 1
505 0 _tCARTELERA
505 0 _aGustavo Alfonso Serafin / Propiedades Transitivas. p. 8
505 0 _aHeartherwick / Zeitz MOCAA (Musem of Contemporary Art Africa). p. 10
505 0 _aInés Lobo / Facultad de Arte y Arquitectura Universidad Évora. p. 20
505 0 _aOMA / II Fondaco dei Tedeschi. p. 28
505 0 _tEXPANSIÓN Y CONSERVACIÓN
505 0 _aFernando Diez / Nueva Escala para viejs edificios. p. 40
505 0 _aEstudio Aisernson / EdificioCorporativo del Banco de Córdoba. p. 42
505 0 _aLe Monnier, Preiti, Zanada + Berdichevsky / Edificio Chile y Paseo Colón. p. 52
505 0 _tRECICLAJE Y PATRIMONALES
505 0 _aMartín Di Peco / Reciclaje y Patrimonio. p. 64
505 0 _aGrhound Offcie / Auditorio del Colegio de Abogadois y Procuradores del Departamento Judicial de Bahía Blanca. p. 66
505 0 _aPedro Livni / La linda Bakery Carrasco. p. 72
505 0 _aFrazi / Paseo de la Brecha. p. 76
505 0 _aAna María Carrío / Pasaje Belgrano. p. 82
505 0 _tPEQUEÑAS AMPLIACIONES
505 0 _aMagdalena Tagliabue / Más es más. p. 88
505 0 _aBarrionuevo Villanueva / Vivienda Multifamiliar SM. p. 90
505 0 _aiR Arq. / Casa Silvina y Omar. p. 96
505 0 _aMOarqs. / Casa Tacuarí. p. 102
505 0 _tHISTORIA
505 0 _aJoaquín Medina Warmburg / Tomás Maldonado y la arquitectura como diseño ambiental. p. 108
505 0 _tBIENALES
505 0 _aMagdalena Tagliabue y Gustavo Alonso Serafin / Una Bienal de situaciones (informe de Bia Ar 2018). p. 116
505 0 _tPRMIO MCHAP 2018
505 0 _aFernando Diez / La tercera es la vencida. p. 120
505 0 _tCONGRESOS
505 0 _aLucila Salvo y Magdalena Tagliabue / La Ciudad que queremos. p. 122
505 0 _aMagdalen Tagliabue / Junya Ishigami en la Fundación Cartier de París: Freeing. p. 124
505 0 _aRoberto Fernández / El bosque hipósilo. p. 126
505 0 _tLECTURAS
505 0 _tCUADERNOS DE VIAJES
505 0 _aIgnacio Ros de Olano / San Sebastián, Donostia, en el papel. p. 128
505 0 _tREVELACIONES
505 0 _aRita Molinas y Mario Sabugo / Santa Sofía. p. 129
505 0 _tNOTICIAS
505 0 _aPablo Meninato / El eterno rebelde ( Robert Venturi 1926-2018). p. 131
650 _2Arquitectura conteporánea
773 0 _aSumma+
_dBuenos Aires, Argentina
_gNº169 (feb; 2019), p. 132
_x0327-9022
908 _aImp
942 _2udc
_cART
945 _d2022-07-08
980 _6138
_aCarolina Rainero
_8138
_gCarolina Rainero
999 _c12327
_d12327